Information, Intelligenz und Idealismus /

Das ,Erwachen' unserer digitalen Medien in Form moderner KI-Systeme wirft uns auf grundlegende philosophische Fragen zurück: Wie verarbeiten Menschen qualitative Informationen? Inwieweit macht dies menschliche Intelligenz besonders? Und wie kann es gelingen, diese besondere Intelligenz in Einkl...

Full description

Saved in:

Main Author: Korth, Martin (Author)

Format: eBook

Language: English
German

Published: Paderborn : Ferdinand Schöningh, Brill | mentis, 2026.

Series: Philosophia Digitalis ; 7.
Schöningh, Fink and mentis Religious Studies, Theology and Philosophy E-Books Online, Collection 2026.

Subjects:

Online Access: Login to view Source

Tags: Add Tag

No Tags, Be the first to tag this record!

Call Number: PZ7.S588

LEADER 02744nam a22004698i 4500
001 BRILL9783969753538
003 nllekb
005 20260218222220.0
006 m d
007 cr un uuuua
008 251205s2026 gw sb 001 0 eng d
020 |a 9783969753538  |q (electronic book) 
020 |z 9783957433534  |q (print) 
024 7 |a 10.1163/9783969753538  |2 DOI 
040 |a NL-LeKB  |c NL-LeKB  |e rda 
041 |a ger 
050 4 |a PZ7.S588 
072 7 |a HPM  |2 bicssc 
072 7 |a PHI  |x 015000  |2 bisacsh 
082 0 4 |a 100  |2 23 
100 1 |a Korth, Martin,  |e author. 
245 1 0 |a Information, Intelligenz und Idealismus /  |c Martin Korth. 
264 1 |a Paderborn :  |b Ferdinand Schöningh, Brill | mentis,  |c 2026. 
264 4 |c ©2026 
300 |a 1 online resource (243 pages) :  |b illustrations. 
336 |a text  |b txt  |2 rdacontent 
337 |a computer  |b c  |2 rdamedia 
338 |a online resource  |2 rdacarrier 
490 1 |a Philosophia Digitalis ;  |v 7 
490 1 |a Schöningh, Fink and mentis Religious Studies, Theology and Philosophy E-Books Online, Collection 2026 
504 |a Includes bibliographical references and index. 
520 |a Das ,Erwachen' unserer digitalen Medien in Form moderner KI-Systeme wirft uns auf grundlegende philosophische Fragen zurück: Wie verarbeiten Menschen qualitative Informationen? Inwieweit macht dies menschliche Intelligenz besonders? Und wie kann es gelingen, diese besondere Intelligenz in Einklang mit den Naturwissenschaften neu zu denken? In der Analyse der Probleme klassischer wie auch moderner KI-Systeme zeigt sich die besondere Rolle von qualitativer Information für das menschliche Denken. Der Unterschied zwischen Daten und Bedeutung, d.h. quantitativer und qualitativer, rein relational definierter Information, erscheint dabei zentral, um sowohl künstliche als auch natürliche Intelligenz zu verstehen. Philosophische, psychologische und naturwissenschaftliche Überlegungen werden zusammengebracht, um aufzuzeigen, wie sich bessere Erklärungsmodelle entwickeln lassen. Deutlich wird, dass dies auch eine Neu-Interpretation unserer naturwissenschaftlichen Modelle erfordern wird.  
546 |a German 
588 |a Description based on print version record. 
650 0 0 |a Philosophy of Mind. 
650 0 0 |a Philosophy. 
776 0 8 |i Print version:  |t Information, Intelligenz und Idealismus.  |d Paderborn : Ferdinand Schöningh, Brill | mentis,2026.  |z 9783957433534  |w (OCoLC)1553863057 
830 0 |a Philosophia Digitalis ;  |v 7. 
830 0 |a Schöningh, Fink and mentis Religious Studies, Theology and Philosophy E-Books Online, Collection 2026. 
856 4 |z DOI:  |u http://dx.doi.org/10.30965/9783969753538 
942 |2 lcc  |c EBOOK 
999 |c 61881  |d 61881